XI Roku 2000 wg Tygodnika "Piłka Nożna" (spoza Europy) - Statystyki

Ogólne statystyki
  • Ten quiz został rozwiązany 43 razy
  • Średni wynik to 4 z 11
Statystyki odpowiedzi
Pozycja Kraj Klub Zawodnik % Poprawnych
LO Brazylia Real M. Roberto Carlos
90%
ŚPO Brazylia Barcelona Rivaldo
79%
ŚN Argentyna Fiorentina/Roma Gabriel Batistuta
54%
ŚO Argentyna Roma Walter Samuel
38%
PP Brazylia Roma Cafu
33%
BR Brazylia Galatasaray Claudio Taffarel
26%
PO Kamerun Real M. Geremi
18%
ŚPD Argentyna Real M./Milan Fernando Redondo
15%
PN Argentyna Valencia/Lazio Claudio Lopez
13%
LP Argentyna Valencia Kily Gonzalez
10%
LN Kamerun Cagliari/Parma Patrick M'Boma
8%
Nie znaleziono quizów pasujących do podanych kryteriów
Rozkład punktacji
Procent ludzi z każdym wynikiem
Percentyl według liczby udzielonych odpowiedzi
Twoja historia wyników
Nie rozwiązałeś tego quizu